00928nam a2200205 a 450000100100000000500170001000800410002702000180006804000250008610000310011124500800014225000120022226000440023430000210027850000700029995201050036995201110047495201200058599900170070500004026520201002034024.0130821s2009 dr 000 0 spa d a9789945165579 aDO-SdBNPbspacBNPHU1 aLara Peña, erasmo93635210aDesiderata :buna guía personal para el buen vivir /cErasmo Lara Peña. a2a. ed. aSanto Domingo :bEditora Búho,c2009. a123 p. ;c16 cm. aIncluye datos biográficos del autor en la solapa de la cubierta 0010718PDaGRbGRcCTd2013-08-21iLF1l0o p40265-10r2020-06-25w2020-06-25yLFPDZNo se presta 0010718PDaPDbPDcCTd2013-08-21iLF1l0o p40265-20r2020-06-25te. 2w2020-06-25yLFPDZNo se presta 001052708DSaPDbPDcCTd2013-08-21iLF1l0o p40265-30r2020-06-25te. 3w2020-06-25yLFDSZPréstamo interno c39755d39755